000
00306nam a2200121 4500
999
_c
9647
_d
9647
003
OSt
005
20211124131324.0
008
211124b ||||| |||| 00| 0 eng d
100
_a
Deshpande Jayashree
245
_a
Archiving 06,07,08 Architectural thesis
260
_b
Council of architecture
942
_2
ddc